[Event "26th North American Open"]
[Site "Las Vegas"]
[Date "2016.12.28"]
[Round "5"]
[White "Raptis, Nick"]
[Black "Matikozyan, Andranik"]
[Result "0-1"]
[WhiteElo "2244"]
[BlackElo "2404"]
[PlyCount "94"]
[EventDate "2016.12.??"]
[EventType "swiss"]
[EventRounds "9"]
[EventCountry "USA"]
[Source "MonRoi"]

1. d4 Nf6 2. Nf3 g6 3. c4 Bg7 4. Nc3 d6 5. e4 O-O 6. Be2 e5 7. O-O Na6 8. Re1
Qe8 9. Bf1 Bg4 10. d5 Nb4 11. Be2 a5 12. Be3 Na6 13. Nd2 Bd7 14. b3 Kh8 15. a3
Ng8 16. Rb1 f5 17. f3 Bh6 18. Bf2 Nc5 19. b4 axb4 20. axb4 Na4 21. Qc2 Nxc3 22.
Qxc3 Nf6 23. Bd3 Ra2 24. Rb2 Qa8 25. Qc2 Ra3 26. c5 Qa4 27. Nb1 Qxc2 28. Bxc2
Ra1 29. Nc3 Rfa8 30. Rxa1 Rxa1+ 31. Rb1 Ra3 32. Be1 Be3+ 33. Kh1 Kg7 34. cxd6
cxd6 35. Rb3 Ra1 36. Rb1 Ra8 37. Bd3 Ra3 38. Bb5 Rxc3 39. Bxd7 Rc7 40. Be6 fxe4
41. Bg3 Bd2 42. fxe4 Bxb4 43. Bh4 Nxe4 44. Bd8 Rc4 45. Rf1 Nf2+ 46. Kg1 Bc5 47.
Bh4 Rxh4 0-1

[Event "26th North American Open"]
[Site "Las Vegas"]
[Date "2016.12.28"]
[Round "5"]
[White "Panchanatham, Vignesh"]
[Black "Kumar, Nikhil"]
[Result "0-1"]
[WhiteElo "2381"]
[BlackElo "2251"]
[PlyCount "108"]
[EventDate "2016.12.??"]
[EventType "swiss"]
[EventRounds "9"]
[EventCountry "USA"]
[Source "MonRoi"]

1. d4 d5 2. c4 e6 3. Nc3 Be7 4. Nf3 Nf6 5. cxd5 exd5 6. Bg5 c6 7. Qc2 g6 8. e4
dxe4 9. Bxf6 Bxf6 10. Qxe4+ Qe7 11. Bc4 Bf5 12. Qxe7+ Kxe7 13. O-O-O Nd7 14. h3
Nb6 15. Rhe1+ Kf8 16. Bb3 Kg7 17. g4 Bd7 18. Ne4 Nd5 19. Ne5 Be6 20. Nc5 Bc8
21. Kb1 h5 22. f3 Bh4 23. Rg1 Be7 24. Ncd3 hxg4 25. hxg4 f6 26. Nc4 Rh3 27. Nd2
Bd6 28. Rge1 Bxg4 29. Nf2 Bf5+ 30. Ka1 Rh4 31. Nde4 Bc7 32. Nd3 Rd8 33. Bxd5
Rxd5 34. Ndc5 Bb6 35. b4 a5 36. a3 axb4 37. axb4 g5 38. Kb2 Kg6 39. Kc3 Rh2 40.
Rd2 Rh3 41. Rd3 Bc8 42. Kc4 Rd8 43. Nc3 Bc7 44. Ne6 Bxe6+ 45. Rxe6 Kf7 46. Rde3
Rxf3 47. Re7+ Kf8 48. R3e6 b5+ 49. Kb3 Bb6 50. Kc2 Bxd4 51. Ne4 Ra8 52. Nd2
Ra2+ 53. Kd1 Rd3 54. Re2 Rdxd2+ 0-1

[Event "26th North American Open"]
[Site "Las Vegas"]
[Date "2016.12.28"]
[Round "5"]
[White "Feng, Roland"]
[Black "Li, Ruifeng"]
[Result "0-1"]
[WhiteElo "2340"]
[BlackElo "2557"]
[PlyCount "54"]
[EventDate "2016.12.??"]
[EventType "swiss"]
[EventRounds "9"]
[EventCountry "USA"]
[Source "MonRoi"]

1. d4 d5 2. c4 e6 3. Nc3 c6 4. e3 Nf6 5. Nf3 Nbd7 6. Qc2 Bd6 7. Bd3 dxc4 8.
Bxc4 b5 9. Be2 Bb7 10. O-O O-O 11. Rd1 Qc7 12. e4 e5 13. dxe5 Nxe5 14. Nd4 Neg4
15. h3 Bh2+ 16. Kf1 Nxf2 17. Kxf2 b4 18. Na4 c5 19. Bf3 Qg3+ 20. Kf1 cxd4 21.
Rxd4 Ba6+ 22. Be2 Rac8 23. Bc4 Qc7 24. b3 Be5 25. Bb2 Bxd4 26. Bxd4 Bxc4+ 27.
bxc4 Qxc4+ 0-1

[Event "26th North American Open"]
[Site "Las Vegas"]
[Date "2016.12.28"]
[Round "5"]
[White "Taghizadeh, Rayan"]
[Black "Checa, Nicolas"]
[Result "1/2-1/2"]
[WhiteElo "2310"]
[BlackElo "2428"]
[PlyCount "42"]
[EventDate "2016.12.??"]
[EventType "swiss"]
[EventRounds "9"]
[EventCountry "USA"]
[Source "MonRoi"]

1. e4 e6 2. d4 d5 3. Nd2 c5 4. Ngf3 cxd4 5. Nxd4 Nf6 6. exd5 Qxd5 7. Nb5 Na6 8.
Nc3 Qd6 9. Qf3 Nb4 10. Bb5+ Bd7 11. O-O Bxb5 12. Nxb5 Qd7 13. c4 a6 14. Nc3 Qc6
15. Qxc6+ Nxc6 16. Nf3 Rd8 17. Rd1 Rxd1+ 18. Nxd1 Bc5 19. Be3 Bxe3 20. Nxe3 Ke7
21. Rd1 Rd8 1/2-1/2

[Event "26th North American Open"]
[Site "Las Vegas"]
[Date "2016.12.28"]
[Round "5"]
[White "Moon, Benjamin"]
[Black "Shmelov, Denys"]
[Result "1/2-1/2"]
[WhiteElo "2265"]
[BlackElo "2416"]
[PlyCount "90"]
[EventDate "2016.12.??"]
[EventType "swiss"]
[EventRounds "9"]
[EventCountry "USA"]
[Source "MonRoi"]

1. d4 d5 2. Bf4 Nf6 3. e3 g6 4. Nf3 Bg7 5. Be2 c5 6. c3 Nc6 7. Nbd2 O-O 8. Ne5
Nd7 9. Nxd7 Bxd7 10. dxc5 e5 11. Bg3 a5 12. a4 Qe7 13. Nb3 Be6 14. O-O h5 15.
f3 h4 16. Bf2 h3 17. g3 Rfd8 18. Qc2 Qc7 19. e4 Nb8 20. Rfd1 Na6 21. c6 Qxc6
22. Bb5 Qc7 23. Bxa6 bxa6 24. Nc5 Qc6 25. Nxe6 Qxe6 26. exd5 Rxd5 27. c4 Rdd8
28. c5 Rdc8 29. Qe4 Bf8 30. Rac1 Rc6 31. Rd5 Re8 32. Re1 Qc8 33. Rxe5 Rxe5 34.
Qxe5 Re6 35. Qc3 Rxe1+ 36. Qxe1 Bxc5 37. Qc3 Bxf2+ 38. Kxf2 Qf5 39. Qc1 Qd7 40.
Qf4 Qd1 41. g4 Qc2+ 42. Kg3 Qg2+ 43. Kh4 Qxb2 44. Kxh3 Qb4 45. Qe4 Kg7 1/2-1/2

[Event "26th North American Open"]
[Site "Las Vegas"]
[Date "2016.12.28"]
[Round "5"]
[White "Martinez-Martin, David"]
[Black "Peng, David"]
[Result "0-1"]
[WhiteElo "2411"]
[BlackElo "2310"]
[PlyCount "70"]
[EventDate "2016.12.??"]
[EventType "swiss"]
[EventRounds "9"]
[EventCountry "USA"]
[Source "MonRoi"]

1. e4 c5 2. Nf3 d6 3. Bb5+ Nd7 4. O-O a6 5. Bd3 Ngf6 6. Re1 b5 7. c4 bxc4 8.
Bxc4 Nb6 9. Bb3 e5 10. Ng5 Ra7 11. d3 h6 12. Nf3 g6 13. Bd2 a5 14. Na3 Bd7 15.
Bc3 Bg7 16. d4 cxd4 17. Nxd4 exd4 18. Bxd4 O-O 19. Nc4 Ra6 20. Nxd6 Nc8 21.
Nxf7 Rxf7 22. Bc3 Qe7 23. e5 Ne8 24. Qe2 Nc7 25. Bxf7+ Qxf7 26. Rac1 Qe6 27.
Red1 Ne7 28. Qd2 Ncd5 29. Bxa5 Bxe5 30. Re1 Qf5 31. Bd8 Bf4 32. Qd4 Bxc1 33.
Bxe7 Re6 34. Rxc1 Rxe7 35. Rd1 Nf4 0-1

[Event "26th North American Open"]
[Site "Las Vegas"]
[Date "2016.12.28"]
[Round "5"]
[White "Ng, Gary"]
[Black "Ludwig, John"]
[Result "0-1"]
[WhiteElo "2249"]
[BlackElo "2377"]
[PlyCount "92"]
[EventDate "2016.12.??"]
[EventType "swiss"]
[EventRounds "9"]
[EventCountry "USA"]
[Source "MonRoi"]

1. d4 Nf6 2. c4 c5 3. d5 e6 4. Nf3 exd5 5. cxd5 d6 6. Nc3 g6 7. Bf4 Bg7 8. h3
O-O 9. e3 Na6 10. Nd2 Re8 11. Bb5 Bd7 12. Bxa6 bxa6 13. Bxd6 Bb5 14. Bxc5 Nxd5
15. Nxb5 axb5 16. Rb1 Nf4 17. Kf1 Qd5 18. exf4 Qxc5 19. Qb3 Rad8 20. Nf3 Qf5
21. Re1 Rxe1+ 22. Nxe1 Qxf4 23. g3 Qe4 24. Rh2 Re8 25. Nc2 Rc8 26. f4 h5 27. h4
a5 28. Re2 Qh1+ 29. Kf2 a4 30. Qd3 Qh2+ 31. Kf3 Qh3 32. Ne3 Rc1 33. Qxb5 Qh1+
34. Rg2 Bd4 35. Qe2 Bxe3 36. Kxe3 Re1 37. a3 Rxe2+ 38. Rxe2 Kg7 39. Kf2 Kf6 40.
Re3 Qh2+ 41. Kf3 Qxb2 42. Ke4 Qb7+ 43. Kd4 Kf5 44. Rc3 Kg4 45. Kc4 Qc6+ 46. Kb4
Qxc3+ 0-1

[Event "26th North American Open"]
[Site "Las Vegas"]
[Date "2016.12.28"]
[Round "5"]
[White "Kavutskiy, Konstantin"]
[Black "Zhu, Jack"]
[Result "0-1"]
[WhiteElo "2377"]
[BlackElo "2288"]
[PlyCount "80"]
[EventDate "2016.12.??"]
[EventType "swiss"]
[EventRounds "9"]
[EventCountry "USA"]
[Source "MonRoi"]

1. d4 d5 2. c4 dxc4 3. Nf3 Nf6 4. e3 Bg4 5. Bxc4 e6 6. O-O Nbd7 7. b3 a6 8. Bb2
Bd6 9. Be2 c5 10. h3 Bh5 11. Nbd2 Rc8 12. e4 Bb8 13. Rc1 O-O 14. Ba3 Ba7 15.
Re1 b5 16. e5 Nd5 17. Ne4 Bg6 18. Nxc5 b4 19. Nxd7 Qxd7 20. Rxc8 Rxc8 21. Bxa6
Rc2 22. Bd3 Bxd3 23. Qxd3 Rc3 24. Qa6 bxa3 25. Qxa3 Qc7 26. Qa4 Rc6 27. Qb5 g6
28. Qd3 Rc2 29. a4 Bb6 30. Rd1 Kg7 31. h4 h5 32. Ng5 Qc3 33. Qb5 Qc6 34. Qd3
Nf4 35. Qe4 Qxe4 36. Nxe4 Rb2 37. g3 Ne2+ 38. Kf1 Nxd4 39. Nf6 Nf3 40. Ne4 Nxe5
0-1

[Event "26th North American Open"]
[Site "Las Vegas"]
[Date "2016.12.28"]
[Round "5"]
[White "Gelashvili, Tamaz"]
[Black "Krishnamoorthy, Vijay"]
[Result "1-0"]
[WhiteElo "2568"]
[BlackElo "2216"]
[PlyCount "101"]
[EventDate "2016.12.??"]
[EventType "swiss"]
[EventRounds "9"]
[EventCountry "USA"]
[Source "MonRoi"]

1. e4 e5 2. Nf3 Nc6 3. Bc4 Be7 4. d3 Nf6 5. Nbd2 d5 6. Bb3 Bg4 7. c3 d4 8. Qe2
a5 9. Ba4 Nd7 10. h3 Bxf3 11. Nxf3 O-O 12. O-O Ndb8 13. Qc2 Qd6 14. cxd4 exd4
15. a3 Nd7 16. Bxc6 bxc6 17. a4 Kh8 18. b3 c5 19. Re1 Ra6 20. Qc4 Qe6 21. Bf4
Rb8 22. Nd2 Rc6 23. Qxe6 fxe6 24. Nc4 Ra6 25. Rab1 Bd6 26. Bd2 Rba8 27. f4 Nb6
28. Rf1 Kg8 29. g4 Nxc4 30. bxc4 Rb6 31. Rb5 Rxb5 32. cxb5 e5 33. f5 Kf7 34.
Kf2 Ke7 35. Ke2 Kd7 36. f6 g6 37. f7 Ke6 38. Kd1 Bf8 39. Kc2 c4 40. dxc4 h6 41.
g5 hxg5 42. Bxg5 Bg7 43. Kd3 Rh8 44. Rf3 Rh5 45. h4 Rh8 46. c5 Bf8 47. Kc4 Rh7
48. b6 cxb6 49. cxb6 Kd6 50. b7 Kc7 51. Rb3 1-0

[Event "26th North American Open"]
[Site "Las Vegas"]
[Date "2016.12.28"]
[Round "5"]
[White "Kumar, Aravind"]
[Black "Panchanathan, Magesh"]
[Result "1/2-1/2"]
[WhiteElo "2192"]
[BlackElo "2513"]
[PlyCount "98"]
[EventDate "2016.12.??"]
[EventType "swiss"]
[EventRounds "9"]
[EventCountry "USA"]
[Source "MonRoi"]

1. d4 Nf6 2. Nc3 d5 3. Bf4 e6 4. e3 Be7 5. Be2 O-O 6. Nf3 c5 7. Ne5 Nc6 8. O-O
Nd7 9. Nxd7 Bxd7 10. dxc5 Bxc5 11. Na4 Be7 12. c4 dxc4 13. Bxc4 Rc8 14. Nc3 Na5
15. Be2 Nc4 16. Bxc4 Rxc4 17. Bd6 Bc6 18. Qe2 b5 19. Bxe7 Qxe7 20. Rac1 Qc5 21.
Qd2 Qg5 22. f3 Rd8 23. Qe2 Qc5 24. Rfd1 Rxd1+ 25. Rxd1 g6 26. a3 a5 27. Na2 b4
28. axb4 axb4 29. b3 Rh4 30. Rc1 Qd6 31. g3 Rh5 32. Nxb4 Bxf3 33. Qxf3 Qxb4 34.
Qf6 Qb7 35. Rd1 Rd5 36. Rxd5 Qxd5 37. Qc3 e5 38. b4 h5 39. h4 Kg7 40. Kf2 Kf6
41. Qc2 Qh1 42. Qc5 Qh2+ 43. Kf3 Qd2 44. Qc6+ Ke7 45. Qc7+ Ke6 46. Qc8+ Ke7 47.
Qc7+ Kf6 48. Qc6+ Kg7 49. Qc5 Kf6 1/2-1/2

[Event "26th North American Open"]
[Site "Las Vegas"]
[Date "2016.12.28"]
[Round "5"]
[White "Aoshima, Mirai"]
[Black "Mousseri, Daniel"]
[Result "1/2-1/2"]
[WhiteElo "2281"]
[BlackElo "2161"]
[PlyCount "115"]
[EventDate "2016.12.??"]
[EventType "swiss"]
[EventRounds "9"]
[EventCountry "USA"]
[Source "MonRoi"]

1. d4 Nf6 2. c4 g6 3. Nc3 Bg7 4. e4 d6 5. h3 O-O 6. Nge2 e5 7. d5 a5 8. g4 Na6
9. Ng3 Nc5 10. Be3 Re8 11. Be2 Qe7 12. Qd2 c6 13. O-O-O cxd5 14. exd5 Qc7 15.
g5 Nfd7 16. f3 a4 17. h4 a3 18. b3 e4 19. Ngxe4 Nxe4 20. fxe4 Nc5 21. Bf3 Bd7
22. Bd4 Re5 23. Qe3 Rc8 24. Kb1 Qa5 25. Rdf1 b5 26. Nxb5 Bxb5 27. cxb5 Qxb5 28.
Rc1 Rc7 29. h5 Qe8 30. h6 Bh8 31. Rhe1 Qe7 32. Rc2 f5 33. gxf6 Bxf6 34. Bxc5
dxc5 35. Rd1 Qd6 36. Qf4 Bg5 37. Qh2 c4 38. Bg4 Bf6 39. Rf1 Qb6 40. Qf2 cxb3
41. Rxc7 bxa2+ 42. Kxa2 Qxc7 43. Qe2 Kf7 44. Qd3 Qb6 45. Be6+ Ke8 46. Qc2 Rxe6
47. Qc8+ Ke7 48. Qxe6+ Qxe6 49. dxe6 Kxe6 50. Kxa3 Bg5 51. Kb3 Bxh6 52. Rh1 Bf4
53. Rxh7 Ke5 54. Re7+ Kd4 55. Kc2 Be5 56. Re6 g5 57. Rg6 Bf4 58. Rxg5 1/2-1/2

[Event "26th North American Open"]
[Site "Las Vegas"]
[Date "2016.12.28"]
[Round "6.1"]
[White "Brown, Michael"]
[Black "Friedel, Joshua"]
[Result "1/2-1/2"]
[WhiteElo "2452"]
[BlackElo "2510"]
[PlyCount "40"]
[EventDate "2016.12.??"]
[EventType "swiss"]
[EventRounds "9"]
[EventCountry "USA"]
[Source "MonRoi"]
[WhiteClock "1:04:06"]
[BlackClock "1:07:10"]

1. d4 d5 2. c4 e6 3. Nc3 Be7 4. Nf3 Nf6 5. cxd5 exd5 6. Bg5 c6 7. Qc2 g6 8. e4
dxe4 9. Bxf6 Bxf6 10. Qxe4+ Qe7 11. Bc4 Bf5 12. Qxe7+ Kxe7 13. O-O-O Rd8 14. h3
b5 15. Bb3 a5 16. g4 a4 17. Rhe1+ Kf8 18. Bxa4 Bxg4 19. hxg4 bxa4 20. a3 Nd7
1/2-1/2

[Event "26th North American Open"]
[Site "Las Vegas"]
[Date "2016.12.28"]
[Round "6.2"]
[White "Zhou, Jianchao"]
[Black "Wheeler, Cameron"]
[Result "1/2-1/2"]
[WhiteElo "2632"]
[BlackElo "2408"]
[PlyCount "92"]
[EventDate "2016.12.??"]
[EventType "swiss"]
[EventRounds "9"]
[EventCountry "USA"]
[Source "MonRoi"]
[WhiteClock "0:58:38"]
[BlackClock "0:21:09"]

1. d4 d5 2. c4 c6 3. Nf3 Nf6 4. Nc3 dxc4 5. a4 Bf5 6. Ne5 e6 7. f3 Bb4 8. Nxc4
O-O 9. Kf2 c5 10. e4 Bxc3 11. bxc3 Bxe4 12. fxe4 Nxe4+ 13. Kg1 Nxc3 14. Qe1
cxd4 15. Ba3 Nc6 16. Bxf8 Qxf8 17. h4 Qc5 18. Rh3 d3+ 19. Kh1 Qxc4 20. Bxd3 Qb4
21. Bxh7+ Kxh7 22. Rxc3 Rd8 23. Qb1+ Qxb1+ 24. Rxb1 Rd7 25. Rcb3 b6 26. Rc3 Ne5
27. a5 Rd4 28. g3 bxa5 29. Rb5 f6 30. Rxa5 Rd1+ 31. Kg2 Rd2+ 32. Kf1 Nd3 33.
Rxa7 Rf2+ 34. Kg1 Rd2 35. Rcc7 Ne5 36. Rxg7+ Kh6 37. Kf1 Nf3 38. Rh7+ Kg6 39.
h5+ Kf5 40. Ra3 Ke4 41. Ra4+ Ke3 42. Ra3+ Ke4 43. Rh6 Rd1+ 44. Ke2 Rd2+ 45. Kf1
Rd1+ 46. Ke2 Rd2+ 1/2-1/2

[Event "26th North American Open"]
[Site "Las Vegas"]
[Date "2016.12.28"]
[Round "6.3"]
[White "Nguyen, Anh"]
[Black "Matikozyan, Andranik"]
[Result "1-0"]
[WhiteElo "2482"]
[BlackElo "2404"]
[PlyCount "43"]
[EventDate "2016.12.??"]
[EventType "swiss"]
[EventRounds "9"]
[EventCountry "USA"]
[Source "MonRoi"]
[WhiteClock "0:40:36"]
[BlackClock "0:35:22"]

1. d4 Nf6 2. c4 g6 3. Nf3 Bg7 4. g3 d6 5. Bg2 O-O 6. O-O c6 7. Nc3 Qa5 8. Qd2
e5 9. b3 Re8 10. Bb2 Qc7 11. d5 c5 12. e4 Nh5 13. Ne1 f5 14. exf5 gxf5 15. Nf3
Qe7 16. Ng5 Bf6 17. Ne6 Ng7 18. Rad1 Na6 19. Rfe1 Nc7 20. Nxc5 e4 21. Nd3 Nh5
22. g4 1-0

[Event "26th North American Open"]
[Site "Las Vegas"]
[Date "2016.12.28"]
[Round "6.4"]
[White "Kumar, Nikhil"]
[Black "Gurevich, Daniel"]
[Result "1-0"]
[WhiteElo "2251"]
[BlackElo "2455"]
[PlyCount "117"]
[EventDate "2016.12.??"]
[EventType "swiss"]
[EventRounds "9"]
[EventCountry "USA"]
[Source "MonRoi"]
[WhiteClock "0:04:03"]
[BlackClock "1:32:05"]

1. d4 Nf6 2. c4 e6 3. Nc3 Bb4 4. e3 O-O 5. Nge2 d5 6. a3 Be7 7. cxd5 exd5 8.
Nf4 c6 9. Bd3 a5 10. O-O Na6 11. f3 Nc7 12. Qc2 c5 13. dxc5 Bxc5 14. Kh1 Bd6
15. Bd2 Be6 16. Nxe6 Nxe6 17. Rac1 Rc8 18. Qb1 h6 19. Nb5 Bc5 20. b4 axb4 21.
axb4 Bb6 22. Rxc8 Qxc8 23. Nd6 Qd7 24. Nf5 Rc8 25. Qa1 d4 26. e4 h5 27. e5 Nd5
28. f4 Ne3 29. Bxe3 dxe3 30. Nd6 Rf8 31. Bb5 Qe7 32. Bc4 Kh8 33. Qc3 f5 34.
Bxe6 Qxe6 35. Qc4 Qxc4 36. Nxc4 Rd8 37. Nd6 Ra8 38. Re1 g6 39. g3 Kg7 40. Nc4
Bd4 41. Nxe3 Bxe3 42. Rxe3 Ra1+ 43. Kg2 Rb1 44. e6 Kf8 45. Kh3 Rxb4 46. e7+ Ke8
47. Re6 Rb2 48. Kh4 Rxh2+ 49. Kg5 Rc2 50. Kxg6 Rc7 51. Kf6 Rd7 52. Re5 b5 53.
Rxb5 Rd6+ 54. Kg5 Rd3 55. Kh4 Rd1 56. Kxh5 Rg1 57. Kh4 Rh1+ 58. Kg5 Rh3 59. Rb3
1-0

[Event "26th North American Open"]
[Site "Las Vegas"]
[Date "2016.12.28"]
[Round "6"]
[White "Aldama, Dionisio"]
[Black "Izoria, Zviad"]
[Result "1-0"]
[WhiteElo "2375"]
[BlackElo "2604"]
[PlyCount "59"]
[EventDate "2016.12.??"]
[EventType "swiss"]
[EventRounds "9"]
[EventCountry "USA"]
[Source "MonRoi"]

1. e4 c5 2. Nc3 Nc6 3. f4 g6 4. Nf3 Bg7 5. Bc4 e6 6. d3 Nge7 7. O-O d5 8. Bb3
O-O 9. Qe1 Na5 10. e5 a6 11. a4 Nxb3 12. cxb3 Nc6 13. a5 Nxa5 14. f5 exf5 15.
Bg5 f6 16. exf6 Bxf6 17. Bxf6 Rxf6 18. Qh4 Kg7 19. Rae1 Nc6 20. Ne2 Be6 21. Nf4
Bg8 22. Qg3 Kh8 23. h4 Qd6 24. Ne5 d4 25. Nxc6 bxc6 26. Re5 Bxb3 27. Rfe1 Bf7
28. Qg5 Rf8 29. Re7 c4 30. Rd7 1-0

[Event "26th North American Open"]
[Site "Las Vegas"]
[Date "2016.12.28"]
[Round "6"]
[White "Li, Ruifeng"]
[Black "Ludwig, John"]
[Result "1-0"]
[WhiteElo "2557"]
[BlackElo "2377"]
[PlyCount "89"]
[EventDate "2016.12.??"]
[EventType "swiss"]
[EventRounds "9"]
[EventCountry "USA"]
[Source "MonRoi"]

1. b3 e5 2. Bb2 Nc6 3. e3 Nf6 4. h3 d5 5. Bb5 Bd6 6. Nf3 Qe7 7. d4 exd4 8. Qxd4
O-O 9. Bxc6 bxc6 10. Nbd2 Bf5 11. O-O-O Ba3 12. Qe5 Be6 13. Nd4 Bxb2+ 14. Kxb2
Qd7 15. f4 c5 16. N4f3 Rfe8 17. Qc3 Qe7 18. g4 c4 19. bxc4 Qc5 20. Ka1 dxc4 21.
e4 Rad8 22. f5 Bc8 23. e5 Nd5 24. Qxc4 Qxc4 25. Nxc4 Ba6 26. Ncd2 Ne3 27. Rc1
Nc4 28. Nxc4 Bxc4 29. Rhe1 Bd5 30. Ng1 Bc6 31. Re3 Rd5 32. Nf3 Ra5 33. Nd4 Bd5
34. c4 Bb7 35. Nb5 Bc6 36. Nd4 Bb7 37. e6 fxe6 38. Rxe6 Rd8 39. Nb3 Ra6 40. Re7
Bg2 41. Nc5 Ra5 42. Rxc7 Rd2 43. a4 Bxh3 44. Rb1 h5 45. f6 1-0

[Event "26th North American Open"]
[Site "Las Vegas"]
[Date "2016.12.28"]
[Round "6"]
[White "Peng, David"]
[Black "Tang, Andrew"]
[Result "0-1"]
[WhiteElo "2310"]
[BlackElo "2466"]
[PlyCount "80"]
[EventDate "2016.12.??"]
[EventType "swiss"]
[EventRounds "9"]
[EventCountry "USA"]
[Source "MonRoi"]

1. e4 e5 2. Nf3 Nc6 3. Bb5 a6 4. Ba4 Nf6 5. O-O Be7 6. Re1 b5 7. Bb3 d6 8. c3
O-O 9. h3 Bb7 10. d4 Re8 11. Nbd2 Bf8 12. a3 g6 13. Ba2 Bg7 14. b4 exd4 15.
cxd4 a5 16. Qb3 Qd7 17. Bb2 axb4 18. axb4 Ra4 19. e5 Nh5 20. e6 fxe6 21. Qxe6+
Qxe6 22. Rxe6 Rxe6 23. Bxe6+ Kf8 24. Rxa4 bxa4 25. b5 Nb4 26. Ne1 Nf4 27. Bg4
Nfd3 28. Nxd3 Nxd3 29. Bc3 a3 30. Bd1 Nf4 31. f3 Ne6 32. Nb3 Bd5 33. Kf1 Bc4+
34. Ke1 Bxb5 35. Kd2 Nf4 36. g3 Nxh3 37. Ba5 c5 38. dxc5 dxc5 39. Bb6 a2 40.
Bxc5+ Ke8 0-1

[Event "26th North American Open"]
[Site "Las Vegas"]
[Date "2016.12.28"]
[Round "6"]
[White "Kojima, Shinya"]
[Black "Zhu, Jack"]
[Result "1-0"]
[WhiteElo "2403"]
[BlackElo "2288"]
[PlyCount "63"]
[EventDate "2016.12.??"]
[EventType "swiss"]
[EventRounds "9"]
[EventCountry "USA"]
[Source "MonRoi"]

1. Nf3 d5 2. d4 Nf6 3. c4 dxc4 4. e3 Bg4 5. Bxc4 e6 6. O-O Nbd7 7. Nc3 Bd6 8.
h3 Bh5 9. Be2 c5 10. Nb5 Be7 11. dxc5 O-O 12. b3 a6 13. Nbd4 Bxc5 14. Bb2 Qe7
15. Rc1 Rfd8 16. Ne1 Bg6 17. Bd3 Ba3 18. Qc2 e5 19. Nf5 Qf8 20. Bxa3 Qxa3 21.
Nf3 Re8 22. Nd2 Nb6 23. Ne4 Nbd5 24. Rfd1 Nb4 25. Nxf6+ gxf6 26. Qc5 b6 27. Qd6
e4 28. Bxe4 Rxe4 29. Qxf6 Bxf5 30. Qxf5 Re7 31. Rc4 Re6 32. Rd7 1-0

[Event "26th North American Open"]
[Site "Las Vegas"]
[Date "2016.12.28"]
[Round "6"]
[White "Sheng, Joshua"]
[Black "Chen, Peng"]
[Result "1-0"]
[WhiteElo "2394"]
[BlackElo "2297"]
[PlyCount "81"]
[EventDate "2016.12.??"]
[EventType "swiss"]
[EventRounds "9"]
[EventCountry "USA"]
[Source "MonRoi"]

1. e4 c5 2. Nf3 d6 3. d4 cxd4 4. Nxd4 Nf6 5. Nc3 a6 6. Bg5 e6 7. f4 h6 8. Bh4
Be7 9. Qf3 Qc7 10. O-O-O Nbd7 11. Be2 g5 12. fxg5 Ne5 13. Qe3 Nfg4 14. Qd2 Rg8
15. Bxg4 Nxg4 16. Nf3 Ne5 17. g6 Rxg6 18. Bxe7 Qxe7 19. Qxd6 Qxd6 20. Rxd6 Nxf3
21. gxf3 Bd7 22. Nd1 Bb5 23. Rd2 Rd8 24. Ne3 Rc8 25. Re1 Rf6 26. Rf2 Bc6 27.
Ng4 Rg6 28. Kd2 f6 29. b3 Rd8+ 30. Kc1 h5 31. Ne3 Kf7 32. Rg2 Rxg2 33. Nxg2 f5
34. Nf4 h4 35. exf5 exf5 36. Nd3 Kf6 37. Ne5 Be8 38. f4 Rd4 39. Rf1 Bh5 40. c3
Re4 41. Rf2 1-0

[Event "26th North American Open"]
[Site "Las Vegas"]
[Date "2016.12.28"]
[Round "6"]
[White "Hong, Andrew"]
[Black "Gelashvili, Tamaz"]
[Result "0-1"]
[WhiteElo "2346"]
[BlackElo "2568"]
[PlyCount "140"]
[EventDate "2016.12.??"]
[EventType "swiss"]
[EventRounds "9"]
[EventCountry "USA"]
[Source "MonRoi"]

1. e4 Nc6 2. Nf3 d6 3. d4 Nf6 4. Nc3 Bg4 5. d5 Nb8 6. Be2 g6 7. h3 Bxf3 8. Bxf3
Bg7 9. O-O O-O 10. Be3 Nbd7 11. Qd2 c6 12. Bd4 Qa5 13. Rfd1 Rfc8 14. a3 Ne8 15.
Bxg7 Kxg7 16. Be2 Nef6 17. Rac1 a6 18. Qe3 Qb6 19. Qxb6 Nxb6 20. Rd4 Rc7 21.
dxc6 Rxc6 22. Kf1 Rac8 23. Rb4 Nfd7 24. Ke1 R8c7 25. Rd4 e6 26. Rb4 g5 27. g3
Ne5 28. Nd1 Nec4 29. Bd3 Ne5 30. Be2 Nbc4 31. Rb3 Kf6 32. Rc3 b5 33. Rb3 Rc5
34. f4 gxf4 35. gxf4 Ng6 36. Rf3 Ke7 37. Bd3 Rh5 38. c3 Rh4 39. f5 Nge5 40. Rg3
Nxd3+ 41. Rxd3 Rxe4+ 42. Kf2 Ne5 43. f6+ Kd7 44. Rg3 Rf4+ 45. Ke2 Rxf6 46. Nf2
Rc4 47. Re3 Rcf4 48. Ne4 Rg6 49. Rf1 Rg2+ 50. Rf2 Rfxf2+ 51. Nxf2 Nc4 52. Rf3
f5 53. b3 Nxa3 54. Rf4 Nb1 55. Kd3 Rg3+ 56. Kc2 Nxc3 57. Rh4 Rg2 58. Rxh7+ Kc6
59. Kxc3 Rxf2 60. h4 a5 61. h5 b4+ 62. Kd3 Rb2 63. h6 Rxb3+ 64. Kd2 Rh3 65. Rh8
Kd5 66. h7 Ke5 67. Kc2 d5 68. Kd2 a4 69. Kc2 a3 70. Rb8 Rxh7 0-1

[Event "26th North American Open"]
[Site "Las Vegas"]
[Date "2016.12.28"]
[Round "6"]
[White "Shmelov, Denys"]
[Black "Taghizadeh, Rayan"]
[Result "0-1"]
[WhiteElo "2416"]
[BlackElo "2310"]
[PlyCount "112"]
[EventDate "2016.12.??"]
[EventType "swiss"]
[EventRounds "9"]
[EventCountry "USA"]
[Source "MonRoi"]

1. d4 Nf6 2. c4 e6 3. Nc3 Bb4 4. Qc2 O-O 5. e4 d5 6. e5 Ne4 7. Bd3 c5 8. Nf3
cxd4 9. Nxd4 Nd7 10. Bf4 Qb6 11. Nb3 f6 12. Bxe4 dxe4 13. exf6 Nxf6 14. O-O
Bxc3 15. Qxc3 Nd5 16. cxd5 Rxf4 17. d6 Qxd6 18. Rad1 Qf8 19. Qc7 Rf7 20. Qe5 b6
21. Rd2 Bb7 22. Nd4 Re8 23. Ne2 Rf5 24. Qc3 Rd5 25. Ng3 Rxd2 26. Qxd2 Rd8 27.
Qe2 Qf4 28. Qc4 Bd5 29. Qa4 Rf8 30. Qxa7 Bc4 31. Qxb6 e3 32. Qxe3 Qxe3 33. fxe3
Bxf1 34. Nxf1 Ra8 35. a3 Rb8 36. b4 Ra8 37. Kf2 Rxa3 38. Ng3 Rb3 39. Ne4 Rxb4
40. Nc5 Kf7 41. Kf3 Kf6 42. g3 Rb5 43. Ne4+ Ke5 44. h4 Rb8 45. Nf2 Rf8+ 46. Ke2
Rxf2+ 47. Kxf2 Ke4 48. h5 Kd3 49. Kf3 e5 50. h6 g6 51. e4 Kd4 52. Kg4 Kxe4 53.
Kg5 Kd5 54. Kf6 e4 55. Kg7 Ke6 56. Kxh7 Kf7 0-1

[Event "26th North American Open"]
[Site "Las Vegas"]
[Date "2016.12.28"]
[Round "6"]
[White "Stearman, Josiah"]
[Black "Panchanatham, Vignesh"]
[Result "0-1"]
[WhiteElo "2170"]
[BlackElo "2381"]
[PlyCount "130"]
[EventDate "2016.12.??"]
[EventType "swiss"]
[EventRounds "9"]
[EventCountry "USA"]
[Source "MonRoi"]

1. e4 e6 2. d3 d5 3. Qe2 Ne7 4. f4 c5 5. Nf3 Nbc6 6. g3 g6 7. Bg2 Bg7 8. O-O
O-O 9. c3 b5 10. Qf2 Qb6 11. e5 f6 12. exf6 Bxf6 13. Be3 d4 14. cxd4 Nxd4 15.
b4 Nef5 16. bxc5 Qxc5 17. Nxd4 Nxe3 18. Nb3 Qb6 19. Bxa8 Nxf1 20. d4 b4 21. Bg2
Rd8 22. Bxf1 Rxd4 23. N1d2 Rxd2 24. Qxb6 axb6 25. Nxd2 Bxa1 26. Bc4 Kf7 27. Nf3
Bf6 28. Kf2 Ke7 29. Ke3 Kd6 30. Nd2 Bg7 31. Ne4+ Ke7 32. Ng5 h6 33. Nf3 Bb7 34.
Bd3 Bd5 35. Nd4 Bxa2 36. Nc6+ Kf7 37. Nxb4 Bb3 38. h4 Ba4 39. g4 Bc3 40. Na6
Bd1 41. g5 h5 42. Nc7 Bg4 43. Nb5 Bb4 44. Kd4 Bf5 45. Bc4 Ke7 46. Ke3 Be1 47.
Nd4 Bxh4 48. Nc6+ Kf7 49. Nd8+ Ke7 50. Nc6+ Kd6 51. Nd4 Be1 52. Nf3 Bc3 53. Nh4
Ke7 54. Bb5 Bb2 55. Bc4 Bc1+ 56. Kf3 Bd2 57. Bb5 Kf7 58. Bc4 Bg4+ 59. Ke4 Kg7
60. Bb5 Bf5+ 61. Kf3 Be1 62. Ng2 Bg4+ 63. Ke4 Bf2 64. f5 exf5+ 65. Kd3 Bh3 0-1